Alle Komitate Ungarns - Statistiken

Allgemein
  • Dieses Quiz wurde 45 mal gespielt
  • Das Durchschnittsergebnis liegt bei 11 aus 20
Antwortstatistiken
Antwort % Korrekt
Budapest
95%
Győr-Moson-Sopron
90%
Pest
80%
Vas
75%
Zala
75%
Veszprém
60%
Hajdú-Bihar
55%
Komárom-Esztergom
55%
Bács-Kiskun
50%
Fejér
50%
Heves
50%
Jász-Nagykun-Szolnok
50%
Baranya
45%
Borsod-Abaúj-Zemplén
45%
Csongrád-Csanád
45%
Nógrád
45%
Somogy
45%
Tolna
45%
Békés
35%
Szabolcs-Szatmár-Bereg
35%
Keine übereinstimmenden Quizze gefunden
Verteilung der Resultate
Anzahl Personen mit jedem Resultat
Perzentil nach korrekt beantworteten Fragen
Ihre Resultats-Entwicklung
Sie haben dieses Quiz noch nicht gespielt